logo

Bir Sreshtho Munshi Abdur Rouf Library
Jhenaidah Cadet College

Observing The Observer: (Record no. 12406)

MARC details
000 -LEADER
fixed length control field 00779nam a2200253 a 4500
001 - CONTROL NUMBER
JCCL Control Number 12406
003 - CONTROL NUMBER IDENTIFIER
JCCL marc code BD-JhCC
005 - DATE AND TIME OF LATEST TRANSACTION
control field 20220206101649.0
008 - FIXED-LENGTH DATA ELEMENTS--GENERAL INFORMATION
fixed length control field 220206b2012 enk |||| a|a| 000 0 eng d
020 ## - INTERNATIONAL STANDARD BOOK NUMBER
International Standard Book Number 9781565645806
035 ## - SYSTEM CONTROL NUMBER
system control number (BD-JhCC)12406
040 ## - CATALOGING SOURCE
Original cataloging agency BD-JhCC
Modifying agency BD-JhCC
041 ## - LANGUAGE CODE
Language code of Book english
082 ## - DEWEY DECIMAL CLASSIFICATION NUMBER
Classification number 297.29
Author mark and Year AHM 2012
100 ## - MAIN ENTRY--PERSONAL NAME
Personal name Ahmad, Mumtaz
245 ## - TITLE STATEMENT
Title Observing The Observer:
Remainder of title The State Of Islamic Studies In American Universities /
Statement of responsibility, etc Mumtaz Ahmad, Zahid Bukhari ,Sulayman Nyang.
260 ## - PUBLICATION, DISTRIBUTION, ETC. (IMPRINT)
Place of publication, distribution, etc London :
Name of publisher, distributor, etc The International Instittute Of Islamic Thought;
Date of publication, distribution, etc 2012.
300 ## - PHYSICAL DESCRIPTION
Pagination 258 p. :
Dimensions 22 cm.
650 ## - SUBJECT ADDED ENTRY--TOPICAL TERM
Topical term or geographic name as entry element Islam --Study and teaching
Geographic subdivision United state
700 ## - ADDED ENTRY--PERSONAL NAME
Personal name Bukhari, Zahid
700 ## - ADDED ENTRY--PERSONAL NAME
Personal name Nyang,Sulayman
942 ## - ADDED ENTRY ELEMENTS (KOHA)
Source of classification or shelving scheme Dewey Decimal Classification
Koha item type Books
Holdings
Source of classification or shelving scheme Damaged status Not for loan Home library Current library Shelving location Date of accession Cost, normal purchase price Total Checkouts Full call number Barcode Date last seen Copy number Koha item type
Dewey Decimal Classification     JCC Rouf Library JCC Rouf Library General Stacks 06/10/2021 400.00   297.29 AHM 2012 16730 05/29/2023 C-1 Books

JCC Library | Contacts | JCC Home

Last Update on 23 September 2017
Copyright @ 2017-2020 JCC Rouf Library
Rouf Library, Jhenidah Cadet College (JCC), Bangladesh